000 00577nam a22001817a 4500
003 1
005 20220302143352.0
008 220302b xxu||||| |||| 00| 0 eng d
020 _a978-0-5258-51219-6
050 _aCB428
_b.H36848 2018
100 _aHarari, Yuval N.
245 _aTwenty-one (21) lessons for the 21st century/
_cYuval Noah Harari.
260 _aNew York:
_bSpiegel & Grau.
_cc2018
300 _a386 pp.
_c22 cm.
_eIncludes bibliograhical references and index.
500 _aCivilization, Modern- 21st century.
500 _aWorld politics.
942 _2lcc
_cBK
999 _c364705
_d364705